[Event "Vilafranca del Penedes op 13th"]
[Site "Vilafranca del Penedes"]
[Date "2019.04.05"]
[Round "2"]
[White "Sirera Bargallo, Tomas"]
[Black "Caballero Gomez Casero, Emilio"]
[Result "1-0"]
[WhiteElo "2062"]
[BlackElo "1790"]
[PlyCount "81"]
[EventDate "2019.03.29"]
[EventType "swiss"]
[EventRounds "9"]
[EventCountry "ESP"]
[SourceTitle "CBM 190 Extra"]
[Source "ChessBase"]
[SourceDate "2019.07.15"]
[SourceVersion "1"]
[SourceVersionDate "2019.07.15"]
[SourceQuality "1"]

1. e4 Nc6 2. Nf3 d6 3. Bb5 e5 4. d4 Bd7 5. 0-0 exd4 6. Nxd4 Nxd4 7. Bxd7+ Qxd7 8. Qxd4 Nf6 9. Nc3 Be7 10. Bg5 0-0 11. e5 Ne8 12. Bxe7 Qxe7 13. Rfe1 dxe5 14. Rxe5 Qd6 15. Rd5 Qf6 16. Qc5 Qe6 17. Rad1 Nf6 18. Re5 Qg4 19. Qxc7 Rac8 20. Qd6 h6 21. h3 Qc4 22. Rd4 Qc6 23. Re7 Qxd6 24. Rxd6 Rb8 25. Nd5 Nxd5 26. Rxd5 Rfe8 27. Rdd7 Rxe7 28. Rxe7 Kf8 29. Rc7 a6 30. Kf1 b6 31. c4 Rd8 32. Rc6 Rb8 33. b4 Ke7 34. a4 Kd7 35. b5 axb5 36. axb5 Rc8 37. Rxc8 Kxc8 38. Ke2 Kd7 39. Kd3 Kd6 40. Kd4 h5 41. h4 1-0

[Event "Amposta Balague Memorial 2nd"]
[Site "Amposta"]
[Date "2015.07.15"]
[Round "1"]
[White "Gonzalez Rodriguez, Jorge Armando"]
[Black "Caballero Gomez Casero, Emilio"]
[Result "1-0"]
[WhiteElo "2369"]
[BlackElo "1761"]
[PlyCount "59"]
[EventDate "2015.07.15"]
[EventType "swiss"]
[EventRounds "9"]
[EventCountry "ESP"]
[SourceTitle "CBM 167 Extra"]
[Source "ChessBase"]
[SourceDate "2015.09.14"]
[SourceVersion "1"]
[SourceVersionDate "2015.09.14"]
[SourceQuality "1"]

1. c4 b6 2. Nc3 Bb7 3. d4 Nf6 4. d5 e5 5. a3 Bc5 6. e4 a5 7. Bd3 0-0 8. Nf3 d6 9. 0-0 Bc8 10. Na4 Bg4 11. Nxc5 bxc5 12. h3 Bh5 13. g4 Bg6 14. Re1 Qd7 15. Nh4 Na6 16. f4 exf4 17. Bxf4 Rab8 18. Rb1 Rfe8 19. Nxg6 hxg6 20. Bc2 Re7 21. Bd2 Qe8 22. Ba4 c6 23. Bxc6 Qd8 24. Qf3 Qb6 25. Bf4 Qb3 26. Qxb3 Rxb3 27. Bxd6 Rxe4 28. g5 Rxe1+ 29. Rxe1 Nh5 30. Bb5 1-0